Optimizing compounds in the rubber industry (Record no. 64441)

MARC details
000 -LEADER
fixed length control field 00392nam a2200157Ia 4500
100 ## - MAIN ENTRY--AUTHOR NAME
Personal name Jaggers H T
245 #0 - TITLE STATEMENT
Title Optimizing compounds in the rubber industry
260 ## - PUBLICATION, DISTRIBUTION, ETC. (IMPRINT)
Name of publisher Rubber World
Year of publication 1996
300 ## - PHYSICAL DESCRIPTION
Number of Pages 16-18
650 ## - SUBJECT ADDED ENTRY--TOPICAL TERM
Topical Term Rubber compound
650 ## - SUBJECT ADDED ENTRY--TOPICAL TERM
Topical Term RubberIndustry
700 ## - ADDED ENTRY--PERSONAL NAME
Personal name Richards G A
700 ## - ADDED ENTRY--PERSONAL NAME
Personal name Ventresca J
942 ## - ADDED ENTRY ELEMENTS (KOHA)
Koha item type Journals
Holdings
Withdrawn status Lost status Damaged status Not for loan Home library Current library Shelving location Date acquired Serial Enumeration / chronology Koha item type
      Journals RRII Library RRII Library Rubber chemistry 17/12/2021 Volume 214, Issue 4 Journals